Music Quiz

Random Music or Album Quiz

U2 Studio Albums Quiz Stats

 Plays Quiz Updated Dec 30, 2017

Challenge
Share
Tweet
Embed
Score 0/14 Timer 04:00
7 Plays Today
Year Album Title % Correct
1987The Joshua Tree
95%
1983War
80.7%
1980Boy
79.3%
1991Achtung Baby
79.1%
2004How to Dismantle an Atomic Bomb
75%
2017Songs of Experience
72%
2014Songs of Innocence
69.8%
Year Album Title % Correct
1993Zooropa
69.6%
1988Rattle and Hum
68.7%
1997Pop
65.8%
1984The Unforgettable Fire
64.8%
1981October
63.5%
2000All That You Can't Leave Behind
63.5%
2009No Line on the Horizon
52.4%

You're not logged in!

Compare scores with friends on all Sporcle quizzes.
OR
Log In

You Might Also Like...

Show Comments

Extras

Top Quizzes Today


Score Distribution

Your Account Isn't Verified!

In order to create a playlist on Sporcle, you need to verify the email address you used during registration. Go to your Sporcle Settings to finish the process.

Report this User

Report this user for behavior that violates our Community Guidelines.

Details: